[Event "Miquel Mas op 20th"]
[Site "Castell de Sant Ferran"]
[Date "2019.08.19"]
[Round "8"]
[White "Vilalta Vidal, Javier"]
[Black "Rex, Torsten Claus"]
[Result "1-0"]
[WhiteElo "1948"]
[BlackElo "1972"]
[PlyCount "51"]
[EventDate "2019.08.13"]
[EventType "swiss"]
[EventRounds "9"]
[EventCountry "ESP"]
[SourceTitle "EXT 2020"]
[Source "ChessBase"]
[SourceDate "2019.10.17"]
[SourceVersion "1"]
[SourceVersionDate "2019.10.17"]
[SourceQuality "1"]

1. e4 c5 2. b3 Nc6 3. Bb2 e5 4. Bc4 d6 5. Nc3 Nf6 6. d3 a6 7. a4 Be7 8. Nge2 0-0 9. 0-0 Be6 10. Nd5 Nd4 11. Nec3 Rb8 12. a5 Kh8 13. f4 exf4 14. Rxf4 Nxd5 15. Bxd5 Bg5 16. Rf1 Be3+ 17. Kh1 Qg5 18. Bc1 Bxc1 19. Qxc1 Qe5 20. Qd2 h6 21. Rae1 Kg8 22. Rf2 Nb5 23. Na4 Nc7 24. Bc4 Bxc4 25. bxc4 Ne6 26. Rf5 1-0

[Event "Miquel Mas op 19th"]
[Site "Castell de Sant Ferran"]
[Date "2018.08.12"]
[Round "5"]
[White "Vilalta Vidal, Javier"]
[Black "Lazaro Porta, Angel"]
[Result "1/2-1/2"]
[WhiteElo "1984"]
[BlackElo "1882"]
[PlyCount "58"]
[EventDate "2018.08.09"]
[EventType "swiss"]
[EventRounds "9"]
[EventCountry "ESP"]
[SourceTitle "CBM 186 Extra"]
[Source "ChessBase"]
[SourceDate "2018.08.24"]
[SourceVersion "1"]
[SourceVersionDate "2018.08.24"]
[SourceQuality "1"]

1. d4 Nf6 2. c4 e6 3. Nc3 Bb4 4. a3 Bxc3+ 5. bxc3 c5 6. e3 0-0 7. Bd3 d6 8. Ne2 Nbd7 9. e4 e5 10. d5 h6 11. 0-0 Re8 12. Ng3 Nf8 13. Be2 Ng6 14. h3 Nf4 15. Bf3 Rb8 16. Be3 Bd7 17. Qd2 g5 18. Rfb1 Qc8 19. Rb2 h5 20. Bxf4 exf4 21. Nxh5 Nxh5 22. Bxh5 Rxe4 23. Re1 Qe8 24. Rbb1 Re5 25. Re2 Rxe2 26. Bxe2 Qe5 27. Bf3 f6 28. Re1 Qf5 29. Bg4 Qg6 1/2-1/2

[Event "Miquel Mas op 19th"]
[Site "Castell de Sant Ferran"]
[Date "2018.08.11"]
[Round "3"]
[White "Vilalta Vidal, Javier"]
[Black "Colls Gelaberto, Emilio"]
[Result "0-1"]
[WhiteElo "1984"]
[BlackElo "2093"]
[PlyCount "78"]
[EventDate "2018.08.09"]
[EventType "swiss"]
[EventRounds "9"]
[EventCountry "ESP"]
[SourceTitle "CBM 186 Extra"]
[Source "ChessBase"]
[SourceDate "2018.08.24"]
[SourceVersion "1"]
[SourceVersionDate "2018.08.24"]
[SourceQuality "1"]

1. d4 Nf6 2. c4 g6 3. Nc3 Bg7 4. e4 d6 5. f4 0-0 6. Nf3 c5 7. d5 e6 8. Be2 exd5 9. cxd5 Na6 10. 0-0 Nc7 11. a4 a6 12. h3 Rb8 13. a5 b5 14. axb6 Rxb6 15. Qc2 Re8 16. Re1 Nb5 17. Bc4 Nd4 18. Qd3 Rb4 19. Ra4 Qb6 20. Nxd4 cxd4 21. Rxb4 Qxb4 22. Qxd4 Nxe4 23. Qd3 f5 24. Re2 Kf7 25. Nxe4 fxe4 26. Qc2 Bd7 27. b3 a5 28. Bd2 Qb6+ 29. Be3 Bd4 30. Qd2 Bxe3+ 31. Rxe3 Qc5 32. Qe2 h5 33. Kh2 Qd4 34. g3 Bf5 35. Kg2 Re7 36. Kh2 Rc7 37. g4 hxg4 38. hxg4 Bxg4 39. Rxe4 Qh8+ 0-1

[Event "Barcelona Gotic op 2nd"]
[Site "Barcelona"]
[Date "2018.05.15"]
[Round "3"]
[White "Vilalta Vidal, Javier"]
[Black "Cabot Muntane, Jordi"]
[Result "1/2-1/2"]
[WhiteElo "2009"]
[BlackElo "1918"]
[PlyCount "77"]
[EventDate "2018.04.24"]
[EventType "swiss"]
[EventRounds "8"]
[EventCountry "ESP"]
[SourceTitle "EXT 2019"]
[Source "ChessBase"]
[SourceDate "2018.10.10"]
[SourceVersion "1"]
[SourceVersionDate "2018.10.10"]
[SourceQuality "1"]

1. d4 f5 2. Nc3 d5 3. Bg5 Nf6 4. e3 e6 5. Bd3 a6 6. Nf3 c5 7. dxc5 Bxc5 8. 0-0 Nc6 9. Na4 Be7 10. Nc3 e5 11. Be2 Be6 12. Qd2 Ne4 13. Nxe4 fxe4 14. Bxe7 Qxe7 15. Ne1 0-0 16. c4 d4 17. exd4 exd4 18. b3 Rad8 19. Rc1 Bf5 20. g4 Bg6 21. Ng2 Qb4 22. Qb2 d3 23. Bd1 d2 24. Rc3 Ne5 25. Ne3 Nf3+ 26. Bxf3 Rxf3 27. Rd1 Qd6 28. Nd5 Qe5 29. Rc2 Qg5 30. Rcxd2 Qxg4+ 31. Kh1 Re8 32. Rg1 Qf5 33. Qd4 Rh3 34. Rg2 Qh5 35. Kg1 Qf3 36. Nb6 Qc3 37. Qxc3 Rxc3 38. Rg5 h6 39. Rgd5 1/2-1/2

[Event "Miquel Mas op-A 18th"]
[Site "Castell de Sant Ferran"]
[Date "2017.08.13"]
[Round "5"]
[White "Parals Marce, Luis"]
[Black "Vilalta Vidal, Javier"]
[Result "1-0"]
[WhiteElo "2015"]
[BlackElo "1992"]
[PlyCount "41"]
[EventDate "2017.08.10"]
[EventType "swiss"]
[EventRounds "9"]
[EventCountry "ESP"]
[SourceTitle "CBM 180 Extra"]
[Source "ChessBase"]
[SourceDate "2017.10.06"]
[SourceVersion "1"]
[SourceVersionDate "2017.10.06"]
[SourceQuality "1"]

1. d4 d5 2. e3 Nf6 3. Bd3 c5 4. c3 Nc6 5. f4 Bg4 6. Nf3 e6 7. 0-0 Bd6 8. Qe1 0-0 9. Ne5 Bf5 10. Bxf5 exf5 11. Nd2 Ne4 12. Rf3 f6 13. Nd3 Re8 14. Qh4 h6 15. Nf1 Qa5 16. dxc5 Bxc5 17. b4 Bxb4 18. cxb4 Nxb4 19. Qe1 Qb5 20. Nxb4 Rac8 21. a4 1-0

[Event "Llinars del Valles op-A 9th"]
[Site "Llinars del Valles"]
[Date "2015.06.06"]
[Round "8"]
[White "Vilalta Vidal, Javier"]
[Black "Arnijas Fabregas, Marc"]
[Result "1-0"]
[WhiteElo "2009"]
[BlackElo "1936"]
[PlyCount "103"]
[EventDate "2015.04.11"]
[EventType "swiss"]
[EventRounds "9"]
[EventCountry "ESP"]
[SourceTitle "EXT 2018"]
[Source "ChessBase"]
[SourceDate "2017.10.13"]
[SourceVersion "1"]
[SourceVersionDate "2017.10.13"]
[SourceQuality "1"]

1. Nf3 d5 2. g3 c5 3. Bg2 Nc6 4. 0-0 e5 5. d3 f5 6. c4 dxc4 7. Qa4 Bd6 8. Qxc4 Qe7 9. Nc3 Nf6 10. Bg5 Be6 11. Bxf6 gxf6 12. Nd5 Qf7 13. Nh4 Nd4 14. Qa4+ Bd7 15. Qd1 Bc6 16. e3 Bxd5 17. Bxd5 Qxd5 18. exd4 exd4 19. Qh5+ Kd7 20. Rfe1 Rag8 21. Qxf5+ Qxf5 22. Nxf5 Re8 23. Kf1 Bc7 24. b3 Ba5 25. Rxe8 Rxe8 26. Rc1 Re5 27. Nh4 Bc3 28. Nf3 Re6 29. Rc2 Kc6 30. Re2 Rxe2 31. Kxe2 Kb5 32. Kd1 Kb4 33. Kc2 Ka3 34. Kb1 a5 35. g4 a4 36. bxa4 Kxa4 37. g5 fxg5 38. Nxg5 Bd2 39. Ne4 Bb4 40. f4 b5 41. f5 c4 42. dxc4 bxc4 43. f6 Bf8 44. Ng5 Bh6 45. f7 d3 46. Ne6 Ka3 47. f8Q+ Bxf8 48. Nxf8 c3 49. Ne6 c2+ 50. Kc1 Kxa2 51. Nc5 d2+ 52. Kxc2 1-0

[Event "Sant Adria de Besos op 10th"]
[Site "Sant Adria de Besos"]
[Date "2014.05.18"]
[Round "3"]
[White "Vilalta Vidal, Javier"]
[Black "Roig Ruiz, Carles"]
[Result "1-0"]
[WhiteElo "1955"]
[BlackElo "1798"]
[PlyCount "81"]
[EventDate "2014.05.04"]
[EventType "swiss"]
[EventRounds "8"]
[EventCountry "ESP"]
[SourceTitle "EXT 2015"]
[Source "ChessBase"]
[SourceDate "2014.11.20"]
[SourceVersion "1"]
[SourceVersionDate "2014.11.20"]
[SourceQuality "1"]

1. e4 e5 2. Nf3 d6 3. d4 exd4 4. Nxd4 g6 5. Be3 Nf6 6. Nc3 Bg7 7. Qd2 0-0 8. 0-0-0 Re8 9. f3 Nc6 10. Nb3 Ne5 11. Bg5 Be6 12. h4 h5 13. Qf4 Qe7 14. Nd4 c6 15. Be2 b5 16. Kb1 Rad8 17. g4 b4 18. Na4 c5 19. Nb5 Bc4 20. Bxc4 Nxc4 21. gxh5 Ne5 22. Nc7 Qxc7 23. Bxf6 Bxf6 24. Qxf6 Re6 25. Qf4 Qe7 26. hxg6 fxg6 27. Qg3 Rf8 28. f4 Nc6 29. Rhg1 Nd4 30. Rde1 Rff6 31. e5 dxe5 32. fxe5 Rf3 33. Qg2 Qxh4 34. Nxc5 Rc6 35. Nd7 Rf2 36. Qd5+ Kg7 37. Nc5 Qh2 38. Rh1 Qf4 39. Qd7+ Qf7 40. Qxd4 Qc7 41. Qxf2 1-0

[Event "Sant Adria de Besos op 10th"]
[Site "Sant Adria de Besos"]
[Date "2014.05.11"]
[Round "2"]
[White "Barahona Junque, Bernabe"]
[Black "Vilalta Vidal, Javier"]
[Result "0-1"]
[WhiteElo "1898"]
[BlackElo "1955"]
[PlyCount "46"]
[EventDate "2014.05.04"]
[EventType "swiss"]
[EventRounds "8"]
[EventCountry "ESP"]
[SourceTitle "EXT 2015"]
[Source "ChessBase"]
[SourceDate "2014.11.20"]
[SourceVersion "1"]
[SourceVersionDate "2014.11.20"]
[SourceQuality "1"]

1. d4 d5 2. Nf3 Nf6 3. Bf4 e6 4. e3 c5 5. dxc5 Bxc5 6. Bd3 Nc6 7. Nbd2 Qe7 8. Bg5 h6 9. Bh4 e5 10. e4 d4 11. h3 0-0 12. Rc1 Be6 13. a3 Rac8 14. Qe2 Qd8 15. Nc4 Be7 16. Ncxe5 Nxe5 17. Nxe5 Qa5+ 18. b4 Qxe5 19. 0-0 Rfe8 20. f4 Qh5 21. Qe1 Bc4 22. f5 Bxd3 23. cxd3 Rxc1 0-1

[Event "Mataro Maresme 6th"]
[Site "Mataro"]
[Date "2013.04.06"]
[Round "1.5"]
[White "Vilalta Vidal, Javier"]
[Black "Santos Ramos, Carlos"]
[Result "1/2-1/2"]
[WhiteElo "2067"]
[BlackElo "2036"]
[PlyCount "114"]
[EventDate "2013.04.06"]
[EventType "swiss"]
[EventRounds "9"]
[EventCountry "ESP"]
[SourceTitle "EXT 2024"]
[Source "ChessBase"]
[SourceDate "2023.10.10"]
[SourceVersion "1"]
[SourceVersionDate "2023.10.10"]
[SourceQuality "1"]

1. e4 e5 2. Nf3 f5 3. Nxe5 Qf6 4. d4 d6 5. Nc4 fxe4 6. Nc3 Bf5 7. Be3 Nd7 8. Qd2 Ne7 9. Nb5 Nd5 10. 0-0-0 c6 11. Nc3 Nxe3 12. Nxe3 d5 13. f3 Bb4 14. Nxf5 Qxf5 15. Kb1 0-0 16. Nxd5 Bxd2 17. Ne7+ Kh8 18. Nxf5 Rxf5 19. Rxd2 exf3 20. gxf3 Rxf3 21. Bg2 Rf6 22. d5 cxd5 23. Bxd5 Nc5 24. Rhd1 Rd8 25. Bg2 Rxd2 26. Rxd2 g6 27. a3 b6 28. b4 Na4 29. Rd8+ Kg7 30. Rd7+ Rf7 31. Rxf7+ Kxf7 32. c4 Nc3+ 33. Kc2 Ne2 34. Kb3 Ke6 35. Ka4 Nc3+ 36. Kb3 Ne2 37. Ka4 Nc3+ 38. Kb3 Nd1 39. c5 bxc5 40. bxc5 Kd7 41. Kb4 Kc7 42. Bf3 Ne3 43. Kc3 g5 44. h3 h6 45. Kd4 Nc2+ 46. Ke5 Nxa3 47. Kf6 Nc4 48. Kg7 Ne5 49. Be2 a5 50. Bd1 h5 51. Kf6 Nd7+ 52. Kxg5 Nxc5 53. Kxh5 Kd6 54. Kg6 Ke7 55. h4 Kf8 56. Bc2 Kg8 57. Kf6 a4 1/2-1/2

[Event "Mollet del Valles op U2300 3rd"]
[Site "Mollet del Valles"]
[Date "2012.12.06"]
[Round "5"]
[White "Vilalta Vidal, Javier"]
[Black "Cervello Tost, Roger"]
[Result "1/2-1/2"]
[WhiteElo "1962"]
[BlackElo "1889"]
[PlyCount "145"]
[EventDate "2012.12.02"]
[EventType "swiss"]
[EventRounds "8"]
[EventCountry "ESP"]
[SourceTitle "EXT 2014"]
[Source "ChessBase"]
[SourceDate "2013.11.20"]
[SourceVersion "1"]
[SourceVersionDate "2013.11.20"]
[SourceQuality "1"]

1. e4 e5 2. Nf3 Nc6 3. d4 exd4 4. Nxd4 Nf6 5. Nxc6 bxc6 6. e5 Qe7 7. Qe2 Nd5 8. c4 Nb6 9. Nc3 Qe6 10. Qe4 g6 11. Bd2 Bg7 12. f4 0-0 13. 0-0-0 d5 14. Qf3 d4 15. Ne4 Nxc4 16. Bb4 Rd8 17. Nc5 Qd5 18. Qxd5 cxd5 19. Rxd4 Ne3 20. Ba5 Bf8 21. Ne4 Nxf1 22. Rxf1 Be6 23. Rfd1 Be7 24. Nc3 Bc5 25. R4d3 Bf5 26. Rg3 Bf2 27. Rf3 Bb6 28. Bxb6 axb6 29. Nxd5 Rxd5 30. Rxd5 Be4 31. Rdd3 Bxf3 32. Rxf3 Rxa2 33. Rd3 Ra1+ 34. Kc2 Rf1 35. g3 Rf2+ 36. Rd2 Rxd2+ 37. Kxd2 f6 38. Kd3 fxe5 39. fxe5 Kf7 40. b4 Ke6 41. Ke4 c5 42. b5 h6 43. g4 g5 44. h3 c4 45. Kd4 c3 46. Kxc3 Kxe5 47. Kc4 Ke4 48. Kc3 Kd5 49. Kd3 Ke5 50. Kc4 Ke4 51. Kc3 Kd5 52. Kd3 Kc5 53. Ke4 Kxb5 54. Kf5 Kc5 55. Kg6 b5 56. Kxh6 b4 57. Kxg5 b3 58. Kh6 b2 59. g5 b1Q 60. h4 Kd5 61. h5 Qf5 62. g6 Ke6 63. g7 Qf6+ 64. Kh7 Qf5+ 65. Kh6 Qf6+ 66. Kh7 Qf7 67. h6 Qf5+ 68. Kh8 Qf6 69. Kh7 Qf7 70. Kh8 Qf6 71. Kh7 Qf5+ 72. Kh8 Qf6 73. Kh7 1/2-1/2

[Event "Mollet del Valles op U2300 3rd"]
[Site "Mollet del Valles"]
[Date "2012.12.04"]
[Round "3"]
[White "Vilalta Vidal, Javier"]
[Black "Garriga Cazorla, Pere"]
[Result "0-1"]
[WhiteElo "1962"]
[BlackElo "2076"]
[PlyCount "68"]
[EventDate "2012.12.02"]
[EventType "swiss"]
[EventRounds "8"]
[EventCountry "ESP"]
[SourceTitle "EXT 2014"]
[Source "ChessBase"]
[SourceDate "2013.11.20"]
[SourceVersion "1"]
[SourceVersionDate "2013.11.20"]
[SourceQuality "1"]

1. e4 c5 2. Nf3 d6 3. d4 cxd4 4. Nxd4 Nf6 5. Nc3 a6 6. Be3 e5 7. Nb3 Be7 8. f3 Be6 9. Qd2 0-0 10. 0-0-0 a5 11. Bb5 Na6 12. Qf2 Nc7 13. Bb6 Qb8 14. Kb1 Nxb5 15. Nxb5 a4 16. Nc1 Ne8 17. g4 Ra6 18. Nd3 Qc8 19. Be3 Bxa2+ 20. Kc1 Bc4 21. Na3 b5 22. Nb4 d5 23. Nxa6 d4 24. Bd2 Qxa6 25. Qe1 Qd6 26. h4 Nc7 27. g5 Ne6 28. Rg1 Rc8 29. h5 b4 30. Nxc4 Rxc4 31. g6 b3 32. gxh7+ Kh8 33. Bh6 Rxc2+ 34. Kb1 Rxb2+ 0-1

[Event "Mollet del Valles op U2300 3rd"]
[Site "Mollet del Valles"]
[Date "2012.12.03"]
[Round "2"]
[White "Torralba Brosa, Marc"]
[Black "Vilalta Vidal, Javier"]
[Result "0-1"]
[WhiteElo "1488"]
[BlackElo "1962"]
[PlyCount "34"]
[EventDate "2012.12.02"]
[EventType "swiss"]
[EventRounds "8"]
[EventCountry "ESP"]
[SourceTitle "EXT 2014"]
[Source "ChessBase"]
[SourceDate "2013.11.20"]
[SourceVersion "1"]
[SourceVersionDate "2013.11.20"]
[SourceQuality "1"]

1. e4 c5 2. Nf3 d6 3. d4 cxd4 4. Nxd4 Nf6 5. Nc3 g6 6. Be3 Bg7 7. f3 0-0 8. Bc4 Nc6 9. Qd2 Bd7 10. 0-0-0 Rb8 11. Nxc6 bxc6 12. Bxa7 Rb4 13. Bb3 c5 14. Na4 Rxa4 15. Bxa4 Bxa4 16. Bxc5 Qc7 17. Bd4 Bh6 0-1

[Event "Mollet del Valles op U2300 3rd"]
[Site "Mollet del Valles"]
[Date "2012.12.02"]
[Round "1"]
[White "Vilalta Vidal, Javier"]
[Black "Farell Duran, Josep"]
[Result "1-0"]
[WhiteElo "1962"]
[BlackElo "1571"]
[PlyCount "41"]
[EventDate "2012.12.02"]
[EventType "swiss"]
[EventRounds "8"]
[EventCountry "ESP"]
[SourceTitle "EXT 2014"]
[Source "ChessBase"]
[SourceDate "2013.11.20"]
[SourceVersion "1"]
[SourceVersionDate "2013.11.20"]
[SourceQuality "1"]

1. e4 d6 2. d4 Nf6 3. Nc3 g6 4. Bg5 Bg7 5. Qd2 Nc6 6. 0-0-0 h6 7. Bf4 g5 8. Be3 Ng4 9. h4 Nxe3 10. Qxe3 gxh4 11. Nf3 e5 12. dxe5 Nxe5 13. Nxe5 Bxe5 14. f4 Bg7 15. e5 Be6 16. exd6 cxd6 17. f5 h5 18. Kb1 Qb6 19. Qxb6 Bxa2+ 20. Nxa2 axb6 21. Rxd6 1-0

[Event "Barcelona Sant Marti op-A 14th"]
[Site "Barcelona"]
[Date "2012.07.20"]
[Round "8"]
[White "Ginesta Caballero, Olga Lucia"]
[Black "Vilalta Vidal, Javier"]
[Result "1/2-1/2"]
[WhiteElo "2093"]
[BlackElo "1942"]
[PlyCount "66"]
[EventDate "2012.07.13"]
[EventType "swiss"]
[EventRounds "9"]
[EventCountry "ESP"]
[SourceTitle "CBM 149 Extra"]
[Source "ChessBase"]
[SourceDate "2012.08.24"]
[SourceVersion "1"]
[SourceVersionDate "2012.08.24"]
[SourceQuality "1"]

1. e4 c5 2. Nc3 Nc6 3. f4 g6 4. Nf3 Bg7 5. Bb5 Nd4 6. d3 Nxb5 7. Nxb5 d6 8. 0-0 e6 9. f5 Nf6 10. Qe1 0-0 11. Nxd6 exf5 12. Nxc8 fxe4 13. dxe4 Qxc8 14. e5 Nd5 15. Qh4 Qd8 16. Bg5 Qb6 17. c4 Nc7 18. Be7 Rfe8 19. Bd6 h6 20. Qf2 Ne6 21. Nh4 Ng5 22. Bxc5 Qe6 23. Rae1 Qg4 24. Kh1 Rxe5 25. Rxe5 Bxe5 26. b3 b6 27. Be3 Rf8 28. Nxg6 Bxh2 29. Qf6 Be5 30. Nxe5 Qh4+ 31. Kg1 Nh3+ 32. Kh2 Ng5+ 33. Kg1 Nh3+ 1/2-1/2

[Event "Barcelona Sant Marti op-A 14th"]
[Site "Barcelona"]
[Date "2012.07.17"]
[Round "5"]
[White "Vilalta Vidal, Javier"]
[Black "Vigoa Apecheche, Yanira"]
[Result "0-1"]
[WhiteElo "1942"]
[BlackElo "2269"]
[PlyCount "92"]
[EventDate "2012.07.13"]
[EventType "swiss"]
[EventRounds "9"]
[EventCountry "ESP"]
[SourceTitle "CBM 149 Extra"]
[Source "ChessBase"]
[SourceDate "2012.08.24"]
[SourceVersion "1"]
[SourceVersionDate "2012.08.24"]
[SourceQuality "1"]

1. e4 c5 2. Nf3 Nc6 3. d4 cxd4 4. Nxd4 Nf6 5. Nc3 e5 6. Ndb5 d6 7. Bg5 a6 8. Na3 Be6 9. Nc4 Rc8 10. Nd5 Bxd5 11. Bxf6 gxf6 12. Qxd5 Nd4 13. 0-0-0 b5 14. c3 Bh6+ 15. Kb1 bxc4 16. cxd4 Qc7 17. Kc2 0-0 18. g3 Qd7 19. Qa5 Qg4 20. Qe1 Qd7 21. Qa5 c3 22. b3 Qg4 23. Bd3 Qf3 24. Rhf1 Be3 25. dxe5 dxe5 26. Rde1 Bd2 27. Ra1 Rfd8 28. Qxa6 Rc6 29. Be2 Qxe4+ 30. Bd3 Qd4 31. Qb5 Rc5 32. Qa6 Rc6 33. Qb5 Rcd6 34. Bf5 e4 35. Qc4 Qa7 36. Qxe4 Qa3 37. Rfb1 Bg5 38. Qc4 Qa7 39. Rf1 Bd2 40. Qg4+ Kf8 41. Bxh7 Bg5 42. Rfd1 Qxf2+ 43. Kxc3 Qc5+ 44. Kb2 Rd2+ 45. Rxd2 Rxd2+ 46. Kb1 Qg1+ 0-1

[Event "Barcelona Sant Marti op-A 14th"]
[Site "Barcelona"]
[Date "2012.07.16"]
[Round "4"]
[White "Hernandez Moya, Yuleisis"]
[Black "Vilalta Vidal, Javier"]
[Result "0-1"]
[WhiteElo "2177"]
[BlackElo "1942"]
[PlyCount "56"]
[EventDate "2012.07.13"]
[EventType "swiss"]
[EventRounds "9"]
[EventCountry "ESP"]
[SourceTitle "CBM 149 Extra"]
[Source "ChessBase"]
[SourceDate "2012.08.24"]
[SourceVersion "1"]
[SourceVersionDate "2012.08.24"]
[SourceQuality "1"]

1. e4 c5 2. Nf3 d6 3. d4 cxd4 4. Nxd4 Nf6 5. Nc3 g6 6. Be2 Bg7 7. Be3 0-0 8. Qd2 Nc6 9. 0-0-0 d5 10. exd5 Nxd5 11. Nxc6 bxc6 12. Nxd5 cxd5 13. Qxd5 Qc7 14. Qc5 Qb7 15. Bd4 Bf5 16. c3 Rab8 17. Rd2 Rfc8 18. Qa3 Qe4 19. Bd3 Qxd4 20. Bxf5 Bh6 21. Bxc8 Qxd2+ 22. Kb1 Rxc8 23. Qxa7 Rd8 24. a4 Qd3+ 25. Ka1 Qe4 26. f3 Qc2 27. Qa5 Rb8 28. Rb1 Bc1 0-1

[Event "Barcelona Sant Marti op-A 14th"]
[Site "Barcelona"]
[Date "2012.07.15"]
[Round "3"]
[White "Vilalta Vidal, Javier"]
[Black "Zsinka, Laszlo"]
[Result "0-1"]
[WhiteElo "1942"]
[BlackElo "2291"]
[PlyCount "118"]
[EventDate "2012.07.13"]
[EventType "swiss"]
[EventRounds "9"]
[EventCountry "ESP"]
[SourceTitle "CBM 149 Extra"]
[Source "ChessBase"]
[SourceDate "2012.08.24"]
[SourceVersion "1"]
[SourceVersionDate "2012.08.24"]
[SourceQuality "1"]

1. e4 e5 2. Nf3 Nc6 3. d4 exd4 4. Nxd4 Bc5 5. Nxc6 Qf6 6. Qf3 bxc6 7. Be2 d6 8. Nc3 Ne7 9. Qg3 Ng6 10. 0-0 Qe5 11. Qf3 h5 12. Na4 Bb6 13. Nxb6 axb6 14. Qe3 Ra4 15. Bd3 Bd7 16. Kh1 Qe7 17. c3 Ne5 18. Bc2 Ra5 19. Qg5 Qxg5 20. Bxg5 f6 21. Bd2 Ke7 22. a3 h4 23. h3 g5 24. f4 Nc4 25. Bc1 gxf4 26. Rxf4 Rg5 27. Rf2 Rg3 28. Bf4 Rg7 29. Raf1 Rhg8 30. Bh6 Rg6 31. Bc1 Ne5 32. Bf4 Be6 33. Bxe5 fxe5 34. Bd3 R8g7 35. Kh2 Rg3 36. Be2 Re3 37. Bf3 Bc4 38. Rg1 Bd3 39. a4 Rf7 40. Rd2 Bxe4 41. Bxe4 Rxe4 42. a5 bxa5 43. Ra1 a4 44. Kg1 Rff4 45. Rf2 d5 46. Rd2 Ke6 47. Rad1 Re3 48. Ra1 Rg3 49. Re2 Rd3 50. Rae1 e4 51. Ra1 e3 52. Rae1 Re4 53. Kf1 c5 54. Kg1 d4 55. cxd4 cxd4 56. Rc1 Kd6 57. Kf1 c5 58. Rec2 Re5 59. Ke2 Rb3 0-1

[Event "Barcelona Ateneu Colon op 7th"]
[Site "Barcelona"]
[Date "2012.05.08"]
[Round "4"]
[White "Vilalta Vidal, Javier"]
[Black "Romero Perera, Eugeni"]
[Result "0-1"]
[WhiteElo "1911"]
[BlackElo "2106"]
[PlyCount "62"]
[EventDate "2012.04.10"]
[EventType "swiss"]
[EventRounds "9"]
[EventCountry "ESP"]
[SourceTitle "CBM 148 Extra"]
[Source "ChessBase"]
[SourceDate "2012.06.22"]
[SourceVersion "1"]
[SourceVersionDate "2012.06.22"]
[SourceQuality "1"]

1. e4 c5 2. Nf3 d6 3. d4 cxd4 4. Nxd4 Nf6 5. Nc3 a6 6. Be3 e5 7. Nb3 Be6 8. f3 Nbd7 9. Qd2 Rc8 10. g4 Nb6 11. Qf2 Nc4 12. Bxc4 Bxc4 13. Bb6 Qd7 14. 0-0-0 Be7 15. h4 0-0 16. h5 h6 17. Rhg1 Nh7 18. f4 exf4 19. Nd5 Bxd5 20. Rxd5 Qe6 21. Kb1 Bg5 22. Nd2 Nf6 23. Rxg5 hxg5 24. h6 gxh6 25. Bd4 Nxe4 26. Nxe4 Qxe4 27. Bc3 Rxc3 28. bxc3 Re8 29. Qh2 Re6 30. Rd1 Qe2 31. Qg1 f3 0-1

[Event "Barcelona Ateneu Colon op 7th"]
[Site "Barcelona"]
[Date "2012.04.24"]
[Round "3"]
[White "Ribera Nebot, Joan"]
[Black "Vilalta Vidal, Javier"]
[Result "1-0"]
[WhiteElo "2003"]
[BlackElo "1911"]
[PlyCount "61"]
[EventDate "2012.04.10"]
[EventType "swiss"]
[EventRounds "9"]
[EventCountry "ESP"]
[SourceTitle "CBM 148 Extra"]
[Source "ChessBase"]
[SourceDate "2012.06.22"]
[SourceVersion "1"]
[SourceVersionDate "2012.06.22"]
[SourceQuality "1"]

1. d4 d5 2. c4 c6 3. Nc3 Nf6 4. Bg5 dxc4 5. Nf3 e6 6. e4 b5 7. e5 h6 8. Bh4 g5 9. Nxg5 hxg5 10. Bxg5 Nbd7 11. exf6 Bb7 12. Be2 Qc7 13. Bf3 b4 14. Ne2 0-0-0 15. Qc2 Rxh2 16. 0-0-0 Rxh1 17. Rxh1 Nb6 18. Rh7 c5 19. Bh5 cxd4 20. Bxf7 Qe5 21. Bf4 Qc5 22. Bxe6+ Nd7 23. Qxc4 Qxc4+ 24. Bxc4 Bxg2 25. Nxd4 Be4 26. Ba6+ Bb7 27. Bd3 Bd5 28. Bf5 Bg8 29. Rh4 Kb7 30. Bg5 Ne5 31. f7 1-0

[Event "Maresme op 8th"]
[Site "Maresme"]
[Date "2011.11.26"]
[Round "9"]
[White "Ros Bosch, Carles"]
[Black "Vilalta Vidal, Javier"]
[Result "1-0"]
[WhiteElo "1843"]
[BlackElo "1889"]
[PlyCount "57"]
[EventDate "2011.09.24"]
[EventType "swiss"]
[EventRounds "9"]
[EventCountry "ESP"]
[SourceTitle "EXT 2013"]
[Source "ChessBase"]
[SourceDate "2012.11.22"]
[SourceVersion "1"]
[SourceVersionDate "2012.11.22"]
[SourceQuality "1"]

1. e4 c5 2. Nf3 d6 3. d4 cxd4 4. Nxd4 Nf6 5. Nc3 g6 6. Be3 Bg7 7. f3 0-0 8. Qd2 Nc6 9. Bc4 Bd7 10. 0-0-0 Rb8 11. h4 Na5 12. Bb3 b5 13. h5 Nxh5 14. g4 Nf6 15. Bh6 Nxb3+ 16. Nxb3 Be6 17. Bxg7 Kxg7 18. Qh6+ Kh8 19. e5 Nh5 20. gxh5 g5 21. Ne4 Bxb3 22. axb3 f6 23. exf6 exf6 24. Rxd6 Qc7 25. Rhd1 Rbc8 26. R1d2 Qa5 27. Kb1 b4 28. Rd7 Qf5 29. Qg7# 1-0

[Event "Maresme op 8th"]
[Site "Maresme"]
[Date "2011.11.12"]
[Round "8"]
[White "Vilalta Vidal, Javier"]
[Black "Ten Gomez, Sergi"]
[Result "1-0"]
[WhiteElo "1889"]
[BlackElo "1845"]
[PlyCount "105"]
[EventDate "2011.09.24"]
[EventType "swiss"]
[EventRounds "9"]
[EventCountry "ESP"]
[SourceTitle "EXT 2013"]
[Source "ChessBase"]
[SourceDate "2012.11.22"]
[SourceVersion "1"]
[SourceVersionDate "2012.11.22"]
[SourceQuality "1"]

1. e4 e6 2. d4 d5 3. Nc3 dxe4 4. Nxe4 Nd7 5. Nf3 Ngf6 6. Bg5 Be7 7. Nxf6+ Nxf6 8. Bd3 b6 9. Qe2 Bb7 10. h4 Qd6 11. Ne5 Nd7 12. 0-0-0 Bxg5+ 13. hxg5 0-0-0 14. Be4 Nxe5 15. dxe5 Qe7 16. f4 Qb4 17. Bxb7+ Kxb7 18. g3 Qa4 19. Qf3+ c6 20. a3 Qc4 21. Kb1 Rd5 22. Rxd5 cxd5 23. Qd3 Kc6 24. Qxc4+ dxc4 25. Kc1 h5 26. gxh6 Rxh6 27. Rxh6 gxh6 28. Kd2 Kd5 29. Ke3 b5 30. c3 h5 31. Kf3 a5 32. Ke3 Kc5 33. Ke4 b4 34. a4 b3 35. Ke3 Kd5 36. Kf3 Kc6 37. Ke4 Kc5 38. f5 exf5+ 39. Kxf5 Kd5 40. Kf4 Kc6 41. Ke4 Kc5 42. e6 fxe6 43. Ke5 Kc6 44. Kxe6 Kc5 45. Ke5 Kc6 46. Kd4 Kd6 47. Kxc4 Ke5 48. Kd3 Kd5 49. c4+ Ke5 50. Ke3 Kf5 51. Kd4 Ke6 52. Kc5 Kd7 53. Kb6 1-0